000 00816nam a22002297a 4500
005 20180423123034.0
010 _aENG-122529
020 _a9789383166176
_c625.00
035 _aEN-106061
037 _bDBAD/PUB.
082 _a321
100 _aBozarslan, Hamit
245 _aFrench writings on India and South Asia Revolutionary passions:
_cby Hamit Bozarslan; Gilles Bataillon [and] Christophe Jaffrelof; translated by Soma Datta Gupta
_bLatin Americal, middle east and india /
260 _aNew Delhi
_bSocial Science Press
_c2017
270 _a69, Jor Bagh,
_bNew Delhi
_e110003
300 _a201p.
_bill.
_c22cm.(Hb)
500 _aIncludes bibliography
700 _dGilles Bataillon
700 _dJaffrelof, Christophe
700 _dGupta, Soma Datta
942 _2ddc
_cEN
_mBOZ
_h321
999 _c150917
_d150917